MARC details
| 000 -CABECERA |
| campo de control de longitud fija |
03254nam a22003977a 4500 |
| 003 - IDENTIFICADOR DEL NÚMERO DE CONTROL |
| campo de control |
DO-SdBNP |
| 005 - FECHA Y HORA DE LA ÚLTIMA TRANSACCIÓN |
| campo de control |
20230308115615.0 |
| 007 - CAMPO FIJO DE DESCRIPCIÓN FÍSICA--INFORMACIÓN GENERAL |
| campo de control de longitud fija |
ta |
| 008 - DATOS DE LONGITUD FIJA--INFORMACIÓN GENERAL |
| campo de control de longitud fija |
230302b2007 dr ||||| |||| 00| 0 spa d |
| 040 ## - FUENTE DE LA CATALOGACIÓN |
| Centro catalogador/agencia de origen |
DO-SdBNP |
| Lengua de catalogación |
spa |
| Centro/agencia transcriptor |
BNPHU |
| 082 #4 - NÚMERO DE LA CLASIFICACIÓN DECIMAL DEWEY |
| Número de clasificación |
323.352 |
| Número de documento/Ítem |
R426c, 2007 |
| Número de edición |
22 |
| 110 1# - ENTRADA PRINCIPAL--NOMBRE DE ENTIDAD CORPORATIVA |
| Nombre de entidad corporativa o nombre de jurisdicción como elemento de entrada |
República Dominicana. |
| 9 (RLIN) |
447 |
| 240 10 - TÍTULO UNIFORME |
| Título uniforme |
[Leyes, etc.]. |
| 245 10 - MENCIÓN DE TÍTULO |
| Título |
Código para el sistema de protección y los derechos fundamentales de niños, niñas y adolescentes, concordado con las normativas nacional e internacional & compendio de los principales instrumentos internacionales de derechos humanos relativos a la niñez y a la adolescencia / |
| Mención de responsabilidad, etc. |
compiladores Mirta Duarte y Juan Sabino ; prólogo Víctor José Castellano Estrella ; coordinación y presentación Alejandro Moscoso Segarra ; colaboradores Milagro Pichardo y Sonne Beltré. |
| 260 ## - PUBLICACIÓN, DISTRIBUCIÓN, ETC. |
| Lugar de publicación, distribución, etc. |
Santo Domingo : |
| Nombre del editor, distribuidor, etc. |
Comisionado de Apoyo a la Reforma y Modernización de la Justicia, |
| Fecha de publicación, distribución, etc. |
2007. |
| 300 ## - DESCRIPCIÓN FÍSICA |
| Extensión |
xxxiii, 616 p. ; |
| Dimensiones |
28 cm. |
| 504 ## - NOTA DE BIBLIOGRAFÍA, ETC. |
| Nota de bibliografía, etc. |
Bibliografía : p. 615-616 |
| 505 0# - NOTA DE CONTENIDO CON FORMATO |
| Nota de contenido con formato |
Presentación -- |
| Mención de responsabilidad |
Alejandro Moscoso Segarra -- |
| Información miscelánea |
Prólogo / |
| Mención de responsabilidad |
Víctor José Castellano Estrella -- |
| Título |
I.-Código para el sistema de protección y los derechos fundamentales de niños, niñas y adolescentes: |
| -- |
Definiciones, sistema de protección y derechos fundamentales de niños, niñas y adolescentes -- |
| -- |
Derecho de Familia -- |
| -- |
De la jurisdicción de niños, niñas y adolescentes -- |
| -- |
Consejo Nacional para la Niñez y la Adolescencia (CONANI) y medidas de protección y restitución de derechos -- |
| -- |
II.-Compendio de los principales instrumentos internacionales de derechos humanos relativos a la niñez y a la adolescencia: |
| -- |
Sistema Interamericano de derechos humanos -- |
| -- |
Sistema de las Naciones Unidas -- |
| -- |
Código de Derecho Internacional Privado (Código Bustamante) -- |
| -- |
Resoluciones de la Suprema Corte de Justicia -- |
| -- |
Proyecto de Ley que modificaría los artículos 174, 176, 178, 181, 187, 192, 194, 195, 197 y 198 de la ley 136-03, que atribuye competencia a los Juzgados de Paz para conocer asuntos de alimentos -- |
| -- |
Constitución Política de la República Dominicana -- |
| -- |
Instrumentos internacionales de Protección de los Derechos Humanos ratificados - firmados por la República Dominicana -- |
| Información miscelánea |
Siglas de referencia. |
| 590 ## - NOTA LOCAL (RLIN) |
| Nota local |
Inventariado, 2023/BT |
| 650 #4 - PUNTO DE ACCESO ADICIONAL DE MATERIA--TÉRMINO DE MATERIA |
| Término de materia o nombre geográfico como elemento de entrada |
Administración de justicia para menores |
| Subdivisión general |
Legislación |
| Subdivisión geográfica |
República Dominicana |
| 9 (RLIN) |
17169 |
| 650 #4 - PUNTO DE ACCESO ADICIONAL DE MATERIA--TÉRMINO DE MATERIA |
| Término de materia o nombre geográfico como elemento de entrada |
Asistencia pública |
| Subdivisión general |
Legislación |
| 9 (RLIN) |
17170 |
| 650 #4 - PUNTO DE ACCESO ADICIONAL DE MATERIA--TÉRMINO DE MATERIA |
| Término de materia o nombre geográfico como elemento de entrada |
Derecho de familia |
| Subdivisión general |
Legislación |
| Subdivisión geográfica |
República Dominicana |
| 9 (RLIN) |
17171 |
| 650 #4 - PUNTO DE ACCESO ADICIONAL DE MATERIA--TÉRMINO DE MATERIA |
| Término de materia o nombre geográfico como elemento de entrada |
Trabajo social con niños |
| Subdivisión general |
Legislación |
| 9 (RLIN) |
17172 |
| 650 #4 - PUNTO DE ACCESO ADICIONAL DE MATERIA--TÉRMINO DE MATERIA |
| Término de materia o nombre geográfico como elemento de entrada |
Niños |
| Subdivisión general |
Situación legal |
| 9 (RLIN) |
5138 |
| 650 #4 - PUNTO DE ACCESO ADICIONAL DE MATERIA--TÉRMINO DE MATERIA |
| Término de materia o nombre geográfico como elemento de entrada |
Leyes |
| Subdivisión geográfica |
República Dominicana |
| 9 (RLIN) |
3033 |
| 651 #4 - PUNTO DE ACCESO ADICIONAL DE MATERIA--NOMBRE GEOGRÁFICO |
| Nombre geográfico |
República Dominicana |
| Subdivisión general |
Ley 136-03 |
| 9 (RLIN) |
17173 |
| 700 1# - PUNTO DE ACCESO ADICIONAL--NOMBRE DE PERSONA |
| Nombre de persona |
Duarte, Mirta, |
| Término indicativo de función/relación |
compiladora |
| 9 (RLIN) |
17174 |
| 700 1# - PUNTO DE ACCESO ADICIONAL--NOMBRE DE PERSONA |
| Nombre de persona |
Sabino, Juan, |
| Término indicativo de función/relación |
compilador |
| 9 (RLIN) |
17175 |
| 700 1# - PUNTO DE ACCESO ADICIONAL--NOMBRE DE PERSONA |
| Nombre de persona |
Castellano Estrella, Víctor José, |
| Término indicativo de función/relación |
prólogo |
| 9 (RLIN) |
17176 |
| 700 1# - PUNTO DE ACCESO ADICIONAL--NOMBRE DE PERSONA |
| Nombre de persona |
Pichardo, Milagros, |
| Término indicativo de función/relación |
colaboradora |
| 9 (RLIN) |
17177 |
| 700 1# - PUNTO DE ACCESO ADICIONAL--NOMBRE DE PERSONA |
| Nombre de persona |
Beltré, Sonne, |
| Término indicativo de función/relación |
colaboradora |
| 9 (RLIN) |
17178 |
| 710 1# - PUNTO DE ACCESO ADICIONAL--NOMBRE DE ENTIDAD CORPORATIVA |
| Nombre de entidad corporativa o nombre de jurisdicción como elemento de entrada |
República Dominicana. |
| Unidad subordinada |
Comisionado de Apoyo a la Reforma y Modernización de la Justicia |
| 9 (RLIN) |
17179 |
| 710 2# - PUNTO DE ACCESO ADICIONAL--NOMBRE DE ENTIDAD CORPORATIVA |
| Nombre de entidad corporativa o nombre de jurisdicción como elemento de entrada |
Fondo de las Naciones Unidas para la Infancia |
| 9 (RLIN) |
9270 |
| 910 ## - DATOS DE OPCIÓN DEL USUARIO (OCLC) |
| Datos de opción del usuario |
Btavárez |
| 942 ## - ELEMENTOS DE PUNTO DE ACCESO ADICIONAL (KOHA) |
| Fuente del sistema de clasificación o colocación |
Dewey Decimal Classification |
| Tipo de ítem Koha |
Libro |